Η Ευρωπαϊκή μεταναστευτική πολιτική στη Μεσόγειο : προκλήσεις και προοπτικές ; διπλωματική εργασία [μεταπτυχιακή εργασία]

Αποθηκεύτηκε σε:
Λεπτομέρειες βιβλιογραφικής εγγραφής
Κύριος συγγραφέας: Κυρμπάση, Ελπινίκη
Συγγραφή απο Οργανισμό/Αρχή: Πανεπιστήμιο Αιγαίου Σχολή Ανθρωπιστικών Επιστημών Τμήμα Μεσογειακών Σπουδών Πρόγραμμα Μεταπτυχιακών Σπουδών Διακυβέρνηση, Ανάπτυξη και Ασφάλεια στη Μεσόγειο
Μορφή: Thesis Βιβλίο
Γλώσσα:Greek
Δημοσίευση: 2016.
Θέματα:
Διαθέσιμο Online:http://hdl.handle.net/11610/23936
Ετικέτες: Προσθήκη ετικέτας
Δεν υπάρχουν, Καταχωρήστε ετικέτα πρώτοι!

MARC

LEADER 00000cam a2200000 a 4500
001 1/111946
008 160916s2016####gr | ||| |||| ||gre||
040 |a GR-MyUa  |b gre  |c GR-MyUa  |e AACR2 
041 0 |a gre 
082 7 |a 304.84   |2 (23) 
100 1 |a Κυρμπάση, Ελπινίκη. 
245 1 2 |a Η Ευρωπαϊκή μεταναστευτική πολιτική στη Μεσόγειο :   |b προκλήσεις και προοπτικές ; διπλωματική εργασία [μεταπτυχιακή εργασία] /   |c Κυρμπάση Ελπινίκη ; επιβλέπων καθηγητής: Τσάκωνας Παναγιώτης.  
260 |c 2016.  
300 |a 55 σ. :   |b χάρτ. ;   |c 30 εκ.  
500 |a Μέλη εξεταστικής επιτροπής: Ντάλης Σωτήρης, Στριμπής Ιωάννης.  
502 |a Διατριβή (μεταπτυχιακή) – Πανεπιστήμιο Αιγαίου, Ρόδος, 2016. 
504 |a Βιβλιογραφία: σ. 51-55.  
506 1 |a Πλήρες κείμενο - Ελέυθερη δημοσίευση - Κλειδωμένη η δυνατότητα αντιγραφής.  
650 0 |a Emigration and immigration law  |z European Union countries. 
650 0 |a Immigrants  |x Government policy  |z Europe. 
650 0 |a Immigrants  |x Government policy  |z Greece. 
651 0 |a Greece  |x Emigration and immigration. 
651 0 |a Europe  |x Emigration and immigration. 
651 0 |a European Union countries  |x Emigration and immigration. 
700 1 |a Τσάκωνας, Παναγιώτης Ι.  |e dgs 
710 2 |a Πανεπιστήμιο Αιγαίου   |b Σχολή Ανθρωπιστικών Επιστημών   |b Τμήμα Μεσογειακών Σπουδών   |b Πρόγραμμα Μεταπτυχιακών Σπουδών Διακυβέρνηση, Ανάπτυξη και Ασφάλεια στη Μεσόγειο. 
852 |a INST  |b RHODES  |c DIATR  |e 20160916  |h 304.84 ΚΥΡ  |p 005400038772  |q 005400038772  |t MTXE  |y 23 
856 |u http://hdl.handle.net/11610/23936 
924 |a Κυρμπάση   |b Ελπινίκη   |y Ρόδος  |z 2016-07  
970 |z 16-09-2016